000
00341 a2200157 4500
001
56877
020
_a
8508053150
040
_c
Anchieta - Pituba
100
_a
Galdino, Luiz
240
1
0
_a
O brinquedo misterioso
_l
por
245
1
0
_a
O brinquedo misterioso
300
_a
77
362
0
_a
2000
650
4
_a
Literatura juvenil
942
_c
BK
999
_c
56877
_d
56877